Normal view
MARC view
- S.K. Swami
Entry Personal Name
001 - CONTROL NUMBER
- control field: 31201
003 - CONTROL NUMBER IDENTIFIER
- control field: NUST
005 - DATE AND TIME OF LATEST TRANSACTION
- control field: 20201005091803.0
008 - FIXED-LENGTH DATA ELEMENTS
- fixed length control field: 201005|| aca||aabn | a|a d
040 ## - CATALOGING SOURCE
- Original cataloging agency: NUST
- Transcribing agency: NUST
100 ## - HEADING--PERSONAL NAME
- Personal name: S.K. Swami
670 ## - SOURCE DATA FOUND
- Source citation: Work cat.: (NUST)2738: S.K. Swami, Present scenario in journalism, 2014
